000 01277nam a2200217Ia 4500
003 Ost
005 20260416102359.0
008 260416s9999||||xx |||||||||||||| ||und||
040 _cfsecg
041 _aara
082 _a339
100 _aبايزيد، كمال
_eمؤلف
245 0 _a الاقتصاد الكلي :
_bطلبة السنة الثانية بكلية العلوم الاقتصادية والعلوم التجارية وعلوم /
_c كمال بايزيد
260 _aالجزائر
_bجامعة الجزائر3: كلية العلوم الإقتصادية، العلوم التجارية وعلوم التسيير
_c2022
300 _a106 ورقة
_bايضاحات
_c12 سم
504 _aالمراجع ص.106
520 _aالنظرية الاقتصادية وبعض المفاهيم المتعلقة بالاقتصاد الكلي،المجمعات الاقتصادية الكلية (الحسابات الوطنية)،النظرية الكلاسيكية في التوازن الكلي،التحليل الكلي الكنزي.
653 _aالاقتصاد الكلي
710 _aجامعة الجزائر3: كلية العلوم الإقتصادية، العلوم التجارية وعلوم التسيير
_eناشر علمي
942 _cHANDOUT
999 _c41333
_d41333